| 000 | 01080nam a22002417a 4500 | ||
|---|---|---|---|
| 999 |
_c22181 _d22181 |
||
| 003 | AR-CdUCM | ||
| 008 | 190425b ||||| |||| 00| 0 spa d | ||
| 040 |
_aMUNICIPALIDAD PROVINCIAL DEL CUSCO _cBIBLIOTECA MUNICIPAL DEL CUSCO |
||
| 082 | _aOropesa/N°74/2010 | ||
| 245 |
_aOropesa : _brevista de cultura y educación de opinión y crítica / _cAmérico Valer Vargas, Director |
||
| 260 |
_aCusco. _bPantigozo, _c2010. |
||
| 300 |
_a18 páginas. : _bilustraciones ; _c30 cm. |
||
| 440 |
_aOropesa. _nAño XXX, N°LXXIV, junio 2010. _947605 |
||
| 505 | _aContenido: Biohuerto modelo Moray. -- Megantoni desarrollo sostenible y ducto. -- Distinciones y títulos al Cusco inmortal. -- Tupac Amaru la modernidad y la ética política. -- Promueve restauración del histórico cementerio de la Almudena. | ||
| 650 |
_aPolítica cusqueña _947381 |
||
| 650 |
_aCultura andina _947570 |
||
| 650 |
_aSociedad cusqueña _947493 |
||
| 650 |
_aSiglo XX _947561 |
||
| 700 |
_aValer Vargas, Alejandro _947563 |
||
| 700 |
_aGil Mora, Juan Eduardo _933267 |
||
| 942 |
_2ddc _cPP |
||
| 945 | _arac | ||